[Event "Varna op-A 8th"]
[Site "Varna"]
[Date "2014.06.24"]
[Round "6"]
[White "Gaafar, Mahmoud"]
[Black "Ilieva, Hristina"]
[Result "1-0"]
[WhiteElo "2115"]
[BlackElo "2091"]
[PlyCount "87"]
[EventDate "2014.06.19"]
[EventType "swiss"]
[EventRounds "9"]
[EventCountry "BUL"]
[SourceTitle "CBM 161 Extra"]
[Source "ChessBase"]
[SourceDate "2014.08.29"]
[SourceVersion "1"]
[SourceVersionDate "2014.08.29"]
[SourceQuality "1"]

1. e4 c6 2. d3 d5 3. Nd2 e5 4. Ngf3 Bd6 5. b3 Bg4 6. h3 Bh5 7. c4 dxe4 8. Nxe4 Bb4+ 9. Bd2 Bxd2+ 10. Qxd2 Bxf3 11. gxf3 Qd4 12. Rc1 Ne7 13. Qb4 b6 14. Nd6+ Kd7 15. Ne4 f5 16. Ng3 Na6 17. Qxe7+ Kxe7 18. Nxf5+ Kf6 19. Nxd4 exd4 20. Kd2 g5 21. h4 h6 22. Re1 Nc5 23. Bh3 a5 24. Bg4 Kg6 25. Re7 h5 26. Bd7 gxh4 27. Bxc6 Raf8 28. Rxh4 Kg5 29. Rxd4 h4 30. Re1 h3 31. Rg4+ Kf6 32. Rh1 Rd8 33. Be4 Ne6 34. Ke3 Rh6 35. Rh2 Nd4 36. f4 a4 37. bxa4 Ne6 38. Rg3 Nc5 39. Rgxh3 Rxh3+ 40. Rxh3 Nxa4 41. Rh6+ Ke7 42. f5 Rf8 43. Re6+ Kd8 44. Kf4 1-0

[Event "Golden Sands Europe op 3rd"]
[Site "Golden Sands"]
[Date "2014.06.17"]
[Round "8"]
[White "Kyrychenko, Maryan"]
[Black "Gaafar, Mahmoud"]
[Result "1/2-1/2"]
[WhiteElo "1865"]
[BlackElo "2115"]
[PlyCount "84"]
[EventDate "2014.06.10"]
[EventType "swiss"]
[EventRounds "9"]
[EventCountry "BUL"]
[SourceTitle "CBM 160 Extra"]
[Source "ChessBase"]
[SourceDate "2014.07.01"]
[SourceVersion "1"]
[SourceVersionDate "2014.07.01"]
[SourceQuality "1"]

1. e4 c5 2. Nf3 d6 3. d4 cxd4 4. Nxd4 Nf6 5. f3 g6 6. c4 Bg7 7. Be3 Nc6 8. Qd2 Nxd4 9. Bxd4 Be6 10. Nc3 0-0 11. Be2 Rc8 12. b3 a6 13. 0-0 Qd7 14. Rac1 h6 15. Rfd1 Kh7 16. Nd5 Bxd5 17. cxd5 Nh5 18. Bxg7 Kxg7 19. Qd4+ Kh7 20. Qe3 Rxc1 21. Rxc1 Rc8 22. Kf2 Nf6 23. Ke1 Qd8 24. Rxc8 Qxc8 25. Kd2 Qc7 26. b4 Nd7 27. Qd4 f6 28. a4 Kg7 29. a5 g5 30. g3 Nf8 31. h4 Qd7 32. f4 gxf4 33. gxf4 Ng6 34. f5 Ne5 35. Qb6 Qc8 36. Qd4 Qc7 37. Qc3 Qd7 38. Qc2 Qd8 39. Qc3 Qd7 40. Qc2 Qd8 41. Qc3 Qd7 42. Qc2 Qd8 1/2-1/2

[Event "Albena Masters op"]
[Site "Albena"]
[Date "2014.06.08"]
[Round "8"]
[White "Gaafar, Mahmoud"]
[Black "Shevchenko, Kirill"]
[Result "0-1"]
[WhiteElo "2115"]
[BlackElo "2076"]
[PlyCount "146"]
[EventDate "2014.06.01"]
[EventType "swiss"]
[EventRounds "9"]
[EventCountry "BUL"]
[SourceTitle "CBM 160 Extra"]
[Source "ChessBase"]
[SourceDate "2014.07.01"]
[SourceVersion "1"]
[SourceVersionDate "2014.07.01"]
[SourceQuality "1"]

1. e4 c5 2. Nf3 d6 3. d3 g6 4. g3 Bg7 5. Bg2 Nc6 6. 0-0 e6 7. c3 Nge7 8. Be3 0-0 9. Qd2 Rb8 10. Bh6 e5 11. a3 f5 12. Bxg7 Kxg7 13. b4 b6 14. b5 Na5 15. Qd1 a6 16. a4 axb5 17. axb5 Bd7 18. Na3 Be6 19. Rb1 Qd7 20. Ng5 Bg8 21. exf5 gxf5 22. Re1 h6 23. Nf3 Ng6 24. c4 Rbe8 25. Qc2 d5 26. cxd5 Bxd5 27. Qc3 Bxf3 28. Bxf3 Qd4 29. Qxd4 cxd4 30. Nc2 Rc8 31. Nb4 Rc3 32. Be2 Ne7 33. Bf3 Kf6 34. Bg2 Rb8 35. f4 exf4 36. gxf4 Rg8 37. Kh1 Rg4 38. Bd5 Rc5 39. Re6+ Kf7 40. Re5+ Nxd5 41. Nxd5 Rxf4 42. Rbe1 Rf2 43. Re7+ Kf8 44. Nf6 Rf1+ 45. Kg2 Rxe1 46. Rxe1 Rxb5 47. Nd7+ Kf7 48. Kf3 Rb2 49. h4 b5 50. h5 b4 51. Ne5+ Kg7 52. Nd7 Nc6 53. Re6 Rc2 54. Rg6+ Kf7 55. Rxh6 b3 56. Rh7+ Ke6 57. Nf8+ Kf6 58. Rb7 Ne5+ 59. Kg3 Kg5 60. Rg7+ Kxh5 61. Rh7+ Kg5 62. Rb7 Rc3 63. Nh7+ Kg6 64. Nf8+ Kf6 65. Nh7+ Ke6 66. Ng5+ Kd6 67. Kf4 Nxd3+ 68. Kxf5 b2 69. Nf3 Rc1 70. Nxd4 b1Q 71. Rxb1 Rxb1 72. Ke4 Nc5+ 73. Ke3 Kd5 0-1

[Event "Albena Masters op"]
[Site "Albena"]
[Date "2014.06.03"]
[Round "3"]
[White "Ivanov, Ivan Peychev"]
[Black "Gaafar, Mahmoud"]
[Result "0-1"]
[WhiteElo "1770"]
[BlackElo "2115"]
[PlyCount "70"]
[EventDate "2014.06.01"]
[EventType "swiss"]
[EventRounds "9"]
[EventCountry "BUL"]
[SourceTitle "CBM 160 Extra"]
[Source "ChessBase"]
[SourceDate "2014.07.01"]
[SourceVersion "1"]
[SourceVersionDate "2014.07.01"]
[SourceQuality "1"]

1. e4 c5 2. Nf3 d6 3. Nc3 Nf6 4. h3 g6 5. Bc4 Bg7 6. d4 cxd4 7. Nxd4 0-0 8. 0-0 Nc6 9. Be3 a6 10. a3 Rb8 11. Rb1 Qc7 12. Nf3 b5 13. Bb3 a5 14. Nd2 Ba6 15. Re1 Rfc8 16. Bf4 b4 17. Nd5 Nxd5 18. exd5 Ne5 19. Nf3 bxa3 20. bxa3 Bb5 21. Nd4 Bd7 22. Bg3 a4 23. Ba2 Rxb1 24. Qxb1 Rb8 25. Qd1 Rb2 26. Bb1 Qc3 27. Re3 Rxb1 28. Qxb1 Qxd4 29. Qb8+ Bf8 30. Bxe5 dxe5 31. Qxe5 Qd1+ 32. Kh2 Qxc2 33. Rc3 Qxf2 34. Rc7 Qf5 35. Qd4 Bg7 0-1

[Event "Mahalla op 14th"]
[Site "Mahalla"]
[Date "2012.07.16"]
[Round "8"]
[White "Ameir, Moheb"]
[Black "Gaafar, Mahmoud"]
[Result "1-0"]
[WhiteElo "2250"]
[BlackElo "2127"]
[PlyCount "110"]
[EventDate "2012.07.09"]
[EventType "swiss"]
[EventRounds "9"]
[EventCountry "EGY"]
[SourceTitle "EXT 2019"]
[Source "ChessBase"]
[SourceDate "2018.10.10"]
[SourceVersion "1"]
[SourceVersionDate "2018.10.10"]
[SourceQuality "1"]

1. e4 d6 2. d4 Nf6 3. Nc3 g6 4. Be2 Bg7 5. h4 h5 6. Bg5 c6 7. a4 Qa5 8. Qd2 a6 9. Nf3 Nbd7 10. 0-0 Qc7 11. Rfe1 e5 12. Rad1 Ng4 13. dxe5 dxe5 14. Bc4 0-0 15. Be7 Re8 16. Bd6 Qb6 17. Ng5 Nh6 18. Re3 Nf6 19. b4 Bg4 20. a5 Qa7 21. f3 Rad8 22. Qe2 Bf8 23. Bc7 Rxd1+ 24. Nxd1 Bd7 25. c3 Bc8 26. Qa2 Re7 27. Bb6 Qb8 28. Rd3 Rd7 29. Rxd7 Bxd7 30. Nxf7 Nxf7 31. Bxf7+ Kg7 32. Bc4 Be8 33. Ne3 Nd7 34. Qd2 Nxb6 35. axb6 Qd6 36. Qxd6 Bxd6 37. Be6 Be7 38. Bc8 Bd8 39. Nc4 Kf6 40. Bxb7 Bf7 41. Na5 Bxb6+ 42. Kf1 Bxa5 43. bxa5 Bc4+ 44. Kf2 c5 45. Bd5 Bd3 46. Ke3 Bf1 47. g3 g5 48. Bc6 gxh4 49. gxh4 Ke7 50. f4 exf4+ 51. Kxf4 Bd3 52. e5 Ke6 53. Bf3 Bg6 54. Be2 Kd5 55. Bxa6 Be8 1-0

[Event "Mahalla op 14th"]
[Site "Mahalla"]
[Date "2012.07.10"]
[Round "2"]
[White "Elgabry, Mohsen"]
[Black "Gaafar, Mahmoud"]
[Result "1-0"]
[WhiteElo "2371"]
[BlackElo "2127"]
[PlyCount "143"]
[EventDate "2012.07.09"]
[EventType "swiss"]
[EventRounds "9"]
[EventCountry "EGY"]
[SourceTitle "EXT 2019"]
[Source "ChessBase"]
[SourceDate "2018.10.10"]
[SourceVersion "1"]
[SourceVersionDate "2018.10.10"]
[SourceQuality "1"]

1. Nf3 Nf6 2. g3 g6 3. Bg2 Bg7 4. 0-0 0-0 5. d4 d6 6. c4 Nc6 7. Nc3 a6 8. h3 Rb8 9. a4 a5 10. e4 e5 11. Be3 Nd7 12. Nd5 exd4 13. Nxd4 Nde5 14. Rc1 Nxd4 15. Bxd4 c5 16. Bc3 Nc6 17. Bxg7 Kxg7 18. Nc3 Nd4 19. Nb5 Nxb5 20. axb5 Qe7 21. Qd3 b6 22. f4 Bb7 23. Rfe1 Rbd8 24. Qc3+ Kg8 25. Rcd1 h6 26. h4 Qe6 27. Kh2 Bc8 28. Rd5 Bb7 29. Rd3 Rfe8 30. Rde3 Bc8 31. b3 Qe7 32. Bf3 Bb7 33. Qd2 Qf6 34. Rd3 Bc8 35. e5 dxe5 36. fxe5 Qe7 37. Rd6 Bf5 38. Rxd8 Rxd8 39. Bd5 g5 40. Qf2 Be6 41. Qg2 Kh8 42. Qe4 gxh4 43. gxh4 Rg8 44. Rg1 Rxg1 45. Kxg1 Qf8 46. Qf4 Qg7+ 47. Kf2 Kg8 48. Bf3 Qg6 49. Qd2 Bf5 50. Qd8+ Kh7 51. Ke3 Qg1+ 52. Kf4 Bg6 53. Qd2 Qb1 54. Qe3 Qf5+ 55. Kg3 h5 56. Qe2 Kg7 57. Qe3 Qb1 58. e6 fxe6 59. Qxe6 Qxb3 60. Qe5+ Kh7 61. Qe7+ Kg8 62. Qd8+ Kh7 63. Qc7+ Kh6 64. Qf4+ Kh7 65. Qc7+ Kh6 66. Qxb6 Qe3 67. Qf6 Qg1+ 68. Bg2 a4 69. b6 Qe1+ 70. Kh2 Qe8 71. Qf4+ Kh7 72. b7 1-0

[Event "Mahalla op 13th"]
[Site "Mahalla"]
[Date "2011.07.09"]
[Round "6"]
[White "Gaafar, Mahmoud"]
[Black "Hassan, Sayed Barakat"]
[Result "0-1"]
[WhiteElo "2143"]
[BlackElo "2386"]
[PlyCount "110"]
[EventDate "2011.07.04"]
[EventType "swiss"]
[EventRounds "9"]
[EventCountry "EGY"]
[SourceTitle "CBM 143 Extra"]
[Source "ChessBase"]
[SourceDate "2011.08.29"]
[SourceVersion "1"]
[SourceVersionDate "2011.08.29"]
[SourceQuality "1"]

1. Nf3 Nf6 2. g3 c5 3. Bg2 Nc6 4. 0-0 e5 5. d3 d5 6. Nbd2 Be7 7. c4 0-0 8. cxd5 Nxd5 9. Nc4 f6 10. a4 Be6 11. Bd2 Rc8 12. b3 Qd7 13. Re1 Rfd8 14. Rc1 Bh3 15. Bh1 Qe6 16. Qc2 h6 17. Na5 Nxa5 18. Bxa5 b6 19. Bd2 Qf7 20. Qc4 Be6 21. Qa6 Bf8 22. Nh4 Nc7 23. Qxa7 g5 24. Nf3 Ra8 25. Qb7 Bd5 26. Nxg5 hxg5 27. Bxd5 Nxd5 28. Qc6 Qd7 29. Qxd7 Rxd7 30. Rc4 Kf7 31. h4 gxh4 32. Rxh4 Bg7 33. Kg2 Rh8 34. Rc4 Bf8 35. Rec1 Ke6 36. e4 Ne7 37. a5 Rxd3 38. axb6 Rxd2 39. b7 Nc6 40. b4 Bd6 41. bxc5 Bc7 42. Ra4 Rb2 43. Ra6 Kd7 44. Rd1+ Nd4 45. Rxf6 Ke7 46. Rg6 Kf7 47. Ra6 Rxb7 48. Rd2 Rb5 49. f4 Rxc5 50. Ra7 Rh2+ 51. Kxh2 Nf3+ 52. Kh3 Nxd2 53. f5 Nxe4 54. g4 Rc2 55. Rb7 Kf6 0-1